000 00724nam a2200289Ia 4500
005 20260324150506.0
008 008 260324s9999 xx 000 0 eng d
020 _a9781315132198
037 _aEBOOK
040 _aCRL
040 _beng
040 _cCRL
041 _2eng
041 _aeng
084 _qCRL
100 _aJoseph de Maistre
_91226608
245 4 _aThe Generative Principle of Political Constitutions
245 0 _bStudies on Sovereignty, Religion and Enlightenment
260 _bTaylor and Francis
260 _c1965
365 _a
365 _b240
856 _uhttp://www.taylorfrancis.com/books/9781315132198
942 _cEBOOK
999 _c1836139
_d1836139